000 00399nam a2200157Ia 4500
008 160316s1970 xxu||||| |||| 00| 0 eng d
082 _a341.450000
_bGLA
100 _aGlassner Martin Ira
245 _aAccess to the sea for developing land locked states
250 _a
260 _aThe Hague
_bMartinus Nijhoff Publishers
_c1970
300 _a298
_b
_c
365 _b
650 _a
700 _a
_a
999 _c9635
_d9635